<?xml version="1.0" encoding="UTF-8"?>
<record
    xmlns:xsi="http://www.w3.org/2001/XMLSchema-instance"
    xsi:schemaLocation="http://www.loc.gov/MARC21/slim http://www.loc.gov/standards/marcxml/schema/MARC21slim.xsd"
    xmlns="http://www.loc.gov/MARC21/slim">

  <leader>01421    a2200289   4500</leader>
  <controlfield tag="003">NALT</controlfield>
  <controlfield tag="005">20251225094530.0</controlfield>
  <controlfield tag="008">210325b        th ||||| |||| 00| 0 tha d</controlfield>
  <datafield tag="020" ind1=" " ind2=" ">
    <subfield code="a">9786161834043</subfield>
  </datafield>
  <datafield tag="040" ind1=" " ind2=" ">
    <subfield code="a">NALT</subfield>
  </datafield>
  <datafield tag="041" ind1="1" ind2=" ">
    <subfield code="a">tha</subfield>
    <subfield code="h">eng</subfield>
  </datafield>
  <datafield tag="050" ind1=" " ind2=" ">
    <subfield code="a">BJ 1589</subfield>
    <subfield code="b">&#xE1B;641&#xE2A; 2563</subfield>
  </datafield>
  <datafield tag="100" ind1="1" ind2=" ">
    <subfield code="a">&#xE1B;&#xE35;&#xE40;&#xE15;&#xE2D;&#xE23;&#xE4C;&#xE2A;&#xE31;&#xE19;, &#xE08;&#xE2D;&#xE23;&#xE4C;&#xE41;&#xE14;&#xE19; &#xE1A;&#xE35;.</subfield>
    <subfield code="9">53467</subfield>
  </datafield>
  <datafield tag="245" ind1="1" ind2="0">
    <subfield code="a">12 &#xE01;&#xE0E;&#xE17;&#xE35;&#xE48;&#xE43;&#xE0A;&#xE49;&#xE44;&#xE14;&#xE49;&#xE15;&#xE25;&#xE2D;&#xE14;&#xE0A;&#xE35;&#xE27;&#xE34;&#xE15; = </subfield>
    <subfield code="b">12 rules for life /</subfield>
    <subfield code="c">&#xE1C;&#xE39;&#xE49;&#xE40;&#xE02;&#xE35;&#xE22;&#xE19; &#xE08;&#xE2D;&#xE23;&#xE4C;&#xE41;&#xE14;&#xE19; &#xE1A;&#xE35;. &#xE1B;&#xE35;&#xE40;&#xE15;&#xE2D;&#xE23;&#xE4C;&#xE2A;&#xE31;&#xE19; ; &#xE1C;&#xE39;&#xE49;&#xE41;&#xE1B;&#xE25; &#xE18;&#xE35;&#xE23;&#xE4C; &#xE17;&#xE34;&#xE1E;&#xE01;&#xE24;&#xE15;.</subfield>
  </datafield>
  <datafield tag="246" ind1="3" ind2="1">
    <subfield code="a">12 rules for life.</subfield>
  </datafield>
  <datafield tag="250" ind1=" " ind2=" ">
    <subfield code="a">&#xE1E;&#xE34;&#xE21;&#xE1E;&#xE4C;&#xE04;&#xE23;&#xE31;&#xE49;&#xE07;&#xE17;&#xE35;&#xE48; 5</subfield>
  </datafield>
  <datafield tag="260" ind1=" " ind2=" ">
    <subfield code="a">&#xE01;&#xE23;&#xE38;&#xE07;&#xE40;&#xE17;&#xE1E;&#xE2F; :</subfield>
    <subfield code="b">&#xE2D;&#xE21;&#xE23;&#xE34;&#xE19;&#xE17;&#xE23;&#xE4C;&#xE2E;&#xE32;&#xE27;&#xE17;&#xE39;, </subfield>
    <subfield code="c">2563.</subfield>
  </datafield>
  <datafield tag="300" ind1=" " ind2=" ">
    <subfield code="a">429 &#xE2B;&#xE19;&#xE49;&#xE32; :</subfield>
    <subfield code="b">&#xE20;&#xE32;&#xE1E;&#xE1B;&#xE23;&#xE30;&#xE01;&#xE2D;&#xE1A; ;</subfield>
    <subfield code="c">21 &#xE0B;&#xE21;.</subfield>
  </datafield>
  <datafield tag="650" ind1=" " ind2="4">
    <subfield code="9">21019</subfield>
    <subfield code="a">&#xE01;&#xE32;&#xE23;&#xE14;&#xE33;&#xE40;&#xE19;&#xE34;&#xE19;&#xE0A;&#xE35;&#xE27;&#xE34;&#xE15;</subfield>
    <subfield code="x">&#xE41;&#xE07;&#xE48;&#xE08;&#xE34;&#xE15;&#xE27;&#xE34;&#xE17;&#xE22;&#xE32;</subfield>
  </datafield>
  <datafield tag="650" ind1=" " ind2="4">
    <subfield code="9">7747</subfield>
    <subfield code="a">&#xE01;&#xE32;&#xE23;&#xE1E;&#xE31;&#xE12;&#xE19;&#xE32;&#xE15;&#xE19;&#xE40;&#xE2D;&#xE07;</subfield>
  </datafield>
  <datafield tag="650" ind1=" " ind2="4">
    <subfield code="9">12304</subfield>
    <subfield code="a">&#xE04;&#xE27;&#xE32;&#xE21;&#xE2A;&#xE33;&#xE40;&#xE23;&#xE47;&#xE08; </subfield>
    <subfield code="x">&#xE41;&#xE07;&#xE48;&#xE08;&#xE34;&#xE15;&#xE27;&#xE34;&#xE17;&#xE22;&#xE32;</subfield>
  </datafield>
  <datafield tag="700" ind1="1" ind2=" ">
    <subfield code="9">53473</subfield>
    <subfield code="a">Peterson, Jordan B.</subfield>
  </datafield>
  <datafield tag="700" ind1="0" ind2=" ">
    <subfield code="9">34016</subfield>
    <subfield code="a">&#xE18;&#xE35;&#xE23;&#xE4C; &#xE17;&#xE34;&#xE1E;&#xE01;&#xE24;&#xE15;</subfield>
  </datafield>
  <datafield tag="850" ind1=" " ind2=" ">
    <subfield code="a">NALT</subfield>
  </datafield>
  <datafield tag="942" ind1=" " ind2=" ">
    <subfield code="2">lcc</subfield>
    <subfield code="c">GB</subfield>
  </datafield>
  <datafield tag="998" ind1=" " ind2=" ">
    <subfield code="b">phon</subfield>
    <subfield code="c">103</subfield>
    <subfield code="j">111</subfield>
    <subfield code="k"> &#xE19;&#xE32;&#xE07;&#xE2A;&#xE32;&#xE27;&#xE1E;&#xE08;&#xE1E;&#xE34;&#xE13;  &#xE1E;&#xE23;&#xE21;&#xE40;&#xE2D;&#xE35;&#xE48;&#xE22;&#xE21;</subfield>
  </datafield>
  <datafield tag="999" ind1=" " ind2=" ">
    <subfield code="c">98068</subfield>
    <subfield code="d">98068</subfield>
  </datafield>
  <datafield tag="952" ind1=" " ind2=" ">
    <subfield code="0">0</subfield>
    <subfield code="1">0</subfield>
    <subfield code="2">lcc</subfield>
    <subfield code="4">0</subfield>
    <subfield code="7">0</subfield>
    <subfield code="8">CGBL</subfield>
    <subfield code="a">NALT</subfield>
    <subfield code="b">NALT</subfield>
    <subfield code="c">GEN</subfield>
    <subfield code="d">2021-04-05</subfield>
    <subfield code="e">1</subfield>
    <subfield code="l">20</subfield>
    <subfield code="m">11</subfield>
    <subfield code="o">BJ 1589 &#xE1B;641&#xE2A; 2563</subfield>
    <subfield code="p">3961211839</subfield>
    <subfield code="r">2026-01-05 00:00:00</subfield>
    <subfield code="s">2025-12-25</subfield>
    <subfield code="w">2021-04-05</subfield>
    <subfield code="y">GB</subfield>
    <subfield code="z">Book Delivery</subfield>
  </datafield>
</record>
